| 000 | 00000nas 2200000za 4500 |
| 001 | 9.855585 |
| 003 | CaOODSP |
| 005 | 20221107155332 |
| 007 | cr ||||||||||| |
| 008 | 180420d19341936oncar p oss f0###a0eng|d |
| 040 | |aCaOODSP|beng |
| 041 | |aeng|afre |
| 043 | |an-cn--- |
| 086 | 1 |aCS47-204-PDF |
| 245 | 00|aSporting goods |h[electronic resource] = |bArticles de sport. |
| 246 | 11|aArticles de sport |
| 260 | |aOttawa : |bDominion Bureau of Statistics, Forestry Branch = Bureau fédéral de la statistique, Section forestière, |c[1935?-1937?] |
| 310 | |aAnnual |
| 362 | 0 |a1934-1936. |
| 500 | |aTitle from caption. |
| 546 | |aText in English and French. |
| 692 | 07|2gccst|aManufacturing industry |
| 710 | 1 |aCanada. |bDominion Bureau of Statistics. |bForestry Branch. |
| 780 | 00|tPreliminary report on the sporting goods industry in Canada |w(CaOODSP)9.855562 |
| 785 | 00|tReport on the sporting goods industry in Canada |w(CaOODSP)9.855604 |
| 792 | |tSporting goods |efre|w(CaOODSP)9.855589 |